| 000 | 00513nam a22001937a 4500 | ||
|---|---|---|---|
| 005 | 20240808113032.0 | ||
| 008 | 240808b |||||||| |||| 00| 0 eng d | ||
| 020 | _a0-17-012157-7 | ||
| 082 |
_a332.0994 _bHUN-F |
||
| 100 | _aHunt, Ben | ||
| 245 |
_aFinancial Institutions and Markets/ _cBen Hunt |
||
| 250 | _a4th ed. | ||
| 260 |
_aAustralia; _bThomson; _c2005 |
||
| 300 |
_axiv, 496 p.: _bill; _c25.2 cm. |
||
| 500 | _aIncludes index. | ||
| 650 | _aSocial Sciences | ||
| 700 | _aChris Terry | ||
| 999 |
_c36341 _d36341 |
||